Datum a čas kvízu
33
Celkem bodů
Celkový počet nahraných bodů na tomto kvízu bez doplňovacích otázek.
3.
Pořadí na kvízu
Konečné umístění týmu na tomto kvízu.
Zaznamenané odpovědi
| # | Otázka | Odpověď | Body | Výsledky |
|---|---|---|---|---|
| 1. | Minulý týden byla spuštěna rek... | Pokáč | 1 | |
| 2. | Jedna z evropských zemí se od... | Německo | 1 | |
| 3. | V úterý začal vysílat v Česku... | Warner TV | 1 | |
| 4. | Od 1. 4. 2024 se mění podmínky... | A | 1 | |
| 5. | Ve středu odstartoval ve Spoje... | bronzové medaile | 1 | |
| 6. | Zobrazený anglický lékař roku... | William Harvey | 0 | |
| 7. | Kterým slovem na M se označuje... | menarche/menarché | 0 | |
| 8. | Vyberte nepravdivé tvrzení: | B | 0 | |
| 9. | Hemofilie je geneticky podmíně... | Alexej; chromozom X | 0.5 | |
| 10. | Někteří bezobratlí živočichové... | hemolymfa; krvomíza | 0 |